banner-ar

الازهر الشريف فى العصر المملوكى ( 648 - 923 هـ / 1250 - 1517 م ) / (Record no. 62408)

MARC details
000 -الفاتح
حقل البيانات ثابتة الطول 01053nam a22002417a 4500
005 - وقت وتاريخ اخر تعامل مع التسجيلة
رقم الضبط 20240530110548.0
008 - عناصر البيانات ثابتة الطول - معلومات عامة
حقل البيانات ثابتة الطول 160209s2012 ua ao g b 000 0 ara d
017 ## - رقم الايداع القانونى
رقم الايداع القانونى 2012/10734
المصدر ( الهيئة المختصة) مصر . دار الكتب المصرية
020 ## - الرقم الدولى المعيارى للكتب
الرقم الدولى المعيارى للكتاب 977102793x
040 ## - مصدر الفهرسة
وكالة الفهرسة الأصلية EG-CaGPL
082 04 - رقم تصنيف ديوى العشرى
رقم الطبعة 21
رقم التصنيف 215.96216
رقم المادة ق/م أ
100 1# - المدخل الرئيسى - إسم شخصى
الإسم الشخصى محمد عبدالعظيم الخولى .
245 12 - بيان العنوان
العنوان الازهر الشريف فى العصر المملوكى ( 648 - 923 هـ / 1250 - 1517 م ) /
بيان المسئوليه,etc تاليف محمد عبدالعظيم الخولى ؛ مراجعة و تقديم عطية القوصى .
250 ## - بيان الطبعة
بيان الطبعة ط1.
260 ## - PUBLICATION, DISTRIBUTION, ETC. (IMPRINT)
تاريخ النشر أو التوزيع 2012 .
300 ## - الوصف المادى
التعداد 327 ص :
تفاصيل ماديه اخرى للوعاء ايض ، صور ؛
أبعاد الوعاء 24 سم .
504 ## - تبصرة ببليوجرافية
تبصرة ببليوجرافية,الخ ببليوجرافية : ص 287 - 322
650 04 - المدخل الاضافى بالموضوع-مصطلح موضوعى
مصطلح موضوعي جامعة الازهر .
650 04 - المدخل الاضافى بالموضوع-مصطلح موضوعى
مصطلح موضوعي جامعة الازهر
التقسيم الفرعي العام تاريخ
التقسيم الفرعي الزمني العصر المملوكى .
700 0# - المدخل الاضافى - اسم شخصى
الإسم الشخصى عطية القوصى
الدور مراجع و مقدم .
942 ## - عناصر المدخل الإضافي( كوها)
مصدر التصنيف او مخطط الترفيف Dewey Decimal Classification
Koha [default] item type كتاب
260 ## - PUBLICATION, DISTRIBUTION, ETC. (IMPRINT)
-- القاهرة :
-- دار الفكر العربى ،
Holdings
حالة التراجع حالة الفقد حالة تلف ليس للاعارة المكان المؤقت الموقع الحالى تاريخ الاكتساب اجمالي اﻻعارات رقم الطلب الباركود تاريخ اخر مشاهدة تاريخ تفعيل السعر نوع وعاء كوها
        مكتبة القاهرة الكبرى مكتبة القاهرة الكبرى 06/13/2016   215.96216 ق/م أ 162130 06/13/2016 06/13/2016 كتاب

Powered By

EGPV